MARC details
| 000 -LÍDER |
| campo de controle de tamanho fixo |
01518 a2200217 4500 |
| 001 - NÚMERO DE CONTROLE |
| campo de controle |
113076 |
| 020 ## - ISBN - INTERNATIONAL STANDARD BOOK NUMBER |
| ISBN - International Standard Book Number |
8599520016 |
| 020 ## - ISBN - INTERNATIONAL STANDARD BOOK NUMBER |
| ISBN - International Standard Book Number |
9788554014070 |
| 041 ## - CÓDIGO DE IDIOMA |
| Código do idioma do texto/trilha sonora ou título diferente |
por |
| 082 ## - CDD - CLASSIFICAÇÃO DECIMAL DE DEWEY |
| Número de Classificação |
AP SK 028 |
| 040 ## - FONTE DA CATALOGAÇÃO |
| Instituição da catalogação original |
BR-BrIDEA |
| Instituição que transcreveu o registro |
BR-BrIDEA |
| 090 ## - NÚMERO DE CHAMADA LOCAL |
| Número de chamada (OCLC) (R); Número de chamada, CALL (RLIN) (NR) |
AP SK 028 |
| Número Cutter local (OCLC); Número de classificação do livro, CALL (RLIN) |
TOL |
| 100 ## - ENTRADA PRINCIPAL--NOME PESSOAL |
| Nome pessoal |
Tolstói, Aleksei. |
| 245 10 - TÍTULO |
| Título |
O nabo gigante |
| Indicação de responsabilidade, etc. |
Aleksei Tolstói |
| 260 ## - PUBLICAÇÃO, DISTRIBUIÇÃO, ETC. |
| Local de publicação, distribuição, etc. |
São Paulo |
| Nome do editor, distribuidor, etc. |
Girafinha |
| Data da publicação, distribuição, etc. |
2005 |
| 520 ## - NOTA DE RESUMO, ETC |
| Resumo, etc. |
Quantas pessoas e animais são necessários para colher um nabo? Imagine se este nabo fosse tão, tão grande que você tivesse que pedir a ajuda de todos os seus amigos para arrancá-lo da horta.<br/><br/>O nabo gigante, uma publicação do selo Girafinha, é uma história divertida e perfeita para ser lida em voz alta, em que um casal de velhinhos planta um nabo que cresce até ficar GIGANTE. No entanto, para retirar o legume do solo será necessária a ajuda de todos os animais da fazenda – dos maiores aos menores.<br/><br/>Esta adaptação do clássico conto russo, escrita belamente por Aleksei Tolstói e ilustrada ao estilo rústico russo pela premiada artista Niamh Sharkey, mostra que o menor dos ajudantes pode fazer muita diferença. A história está alinhada com diversas competências da BNCC, é indicada para crianças em idade escolar pertinente à Educação Infantil e aborda temas como animais da fazenda, estações do ano, contagem numérica – tudo isso incluído na mesma narrativa cíclica. |
| 521 ## - NOTA DO PÚBLICO ALVO |
| Nota de público alvo |
SK |
| 697 ## - ENTRADA DE ASSUNTO LOCAL--ENTIDADE COLETIVA (RLIN) |
| Nome corporativo ou nome da jurisdição |
Literatura infanto-juvenil |
| 856 ## - LOCALIZAÇÃO ELETRÔNICA E ACESSO |
| Uniform Resource Identifier |
<a href="000003/00000375.jpg">000003/00000375.jpg</a> |
| 942 ## - ELEMENTOS DE ENTRADA ADICIONADOS (KOHA) |
| Tipo de material Koha |
Livros |